000 00286 a2200145 4500
001 59308
020 _a8574026719
040 _cAnchieta - Pituba
240 1 0 _aAntonin Dvorák
_lpor
245 1 0 _aAntonin Dvorák
300 _a54
362 0 _a2005
650 4 _aMúsica
942 _cBK
999 _c59308
_d59308